18 Brand Astras (Record no. 4040)

MARC details
000 -LEADER
fixed length control field 00375nam a22001697a 4500
005 - DATE AND TIME OF LATEST TRANSACTION
control field 20160625143905.0
008 - FIXED-LENGTH DATA ELEMENTS--GENERAL INFORMATION
fixed length control field 160625b xxu||||| |||| 00| 0 eng d
020 ## - INTERNATIONAL STANDARD BOOK NUMBER
ISBN 81-7829-239-4
041 ## - LANGUAGE CODE
Language code of text/sound track or separate title eng
082 ## - DEWEY DECIMAL CLASSIFICATION NUMBER
Item number 10091
100 ## - MAIN ENTRY--AUTHOR NAME
Personal name Kapoor, Jagdeep
245 ## - TITLE STATEMENT
Title 18 Brand Astras
260 ## - PUBLICATION, DISTRIBUTION, ETC. (IMPRINT)
Name of publisher Sage
Year of publication 2003
300 ## - PHYSICAL DESCRIPTION
Number of Pages 134
650 ## - SUBJECT ADDED ENTRY--TOPICAL TERM
Topical Term Management
942 ## - ADDED ENTRY ELEMENTS (KOHA)
Koha item type Books
Holdings
Lost status Damaged status Collection code Home library Current library Shelving location Date acquired Cost, normal purchase price Full call number Accession Number Koha item type
    MANAGEMENT JRU Library JRU Library SHELF- 67 L 25/06/2016 160.00 10091 10091 Books
    MANAGEMENT JRU Library JRU Library SHELF- 67 L 25/06/2016 160.00 10091 10092 Books